Govt. of
Madhya Pradesh

Objective Approach To Physics Volume 2 (Record no. 44757)

MARC details
000 -LEADER
fixed length control field 003680000a22001450004500
003 - CONTROL NUMBER IDENTIFIER
control field MACL
040 ## - CATALOGING SOURCE
Original cataloging agency MACL
090 ## - LOCALLY ASSIGNED LC-TYPE CALL NUMBER (OCLC); LOCAL CALL NUMBER (RLIN)
-- 45221
-- 45219
100 ## - MAIN ENTRY--PERSONAL NAME
Personal name Pandey, DC
245 ## - TITLE STATEMENT
Title Objective Approach To Physics Volume 2
Remainder of title Electricity Magnetism Optics Modern Physics
260 ## - PUBLICATION, DISTRIBUTION, ETC. (IMPRINT)
Name of publisher, distributor, etc. Arihant Prakashan,Meerut
350 ## - PRICE (NR) (BK AM CF MU VM SE) [OBSOLETE]
Price 425
650 ## - SUBJECT ADDED ENTRY--TOPICAL TERM
Topical term or geographic name as entry element Engineering
942 ## - ADDED ENTRY ELEMENTS (KOHA)
Koha item type Library Membar
Call number prefix 530/PAN
Holdings
Withdrawn status Lost status Damaged status Not for loan Home library Current library Date acquired Total Checkouts Full call number Barcode Date last seen Uniform Resource Identifier Price effective from Koha item type
        MACL MACL 15/04/2015   530/PAN BOOK CLC04894 29/04/2015 45032 15/04/2015 Books